Ontario or Quebec - Statistics

General Stats
  • This quiz has been taken 729 times
  • The average score is 9 of 11
Answer Stats
Question Answer % Correct
Speaks French Quebec
100%
Is home to Montreal Quebec
100%
Is home to Ottawa Ontario
99%
Wants independence from Canada Quebec
99%
Is more east Quebec
98%
Has bigger population Ontario
95%
Has larger land area Quebec
92%
Borders the great lakes Ontario
76%
Borders New York Both
70%
Has more lakes Quebec
60%
Has blue on their flag Both
48%
No matching quizzes found
Score Distribution
Percent of People with Each Score
Percentile by Number Answered
Your Score History
You have not taken this quiz